000 00741nam a2200289Ia 4500
005 20260324141043.0
008 008 260324s9999 xx 000 0 eng d
020 _a9780429427541
037 _aEBOOK
040 _aCRL
040 _beng
040 _cCRL
041 _2eng
041 _aeng
084 _qCRL
100 _aHildo Meirelles de Souza Filho
_91206746
245 4 _aThe Adoption of Sustainable Agricultural Technologies
245 2 _bA Case Study in the State of EspĂ­rito Santo, Brazil
260 _bTaylor and Francis
260 _c1997
365 _a
365 _b110
856 _uhttp://www.taylorfrancis.com/books/9780429427541
942 _cEBOOK
999 _c1809430
_d1809430